English for the telecommunications industry /

Na minha lista:
Detalhes bibliográficos
Autor principal: Comfort, Jeremy (Author)
Formato: Livro
Idioma:inglês
Publicado em: Oxford : Oxford University Press, 1986
Tags: Adicionar Tag
Sem tags, seja o primeiro a adicionar uma tag!

MARC

LEADER 00000nam a22000003a 4500
001 stu2458
005 20150617225619.0
008 921009s1986----uk------------------eng-d
040 |a STU  |b slo 
041 0 |a eng 
044 |a uk 
080 |a 802.0(075) 
080 |a 621.39  |7 stu_us_auth*stu8291 
100 1 |a Comfort, Jeremy  |4 aut 
245 1 |a English for the telecommunications industry /  |c Aut.: Comfort,J 
260 |a Oxford :  |b Oxford University Press,  |c 1986 
300 |a 236 s 
996 |b E71564  |c E*71564  |l EE01  |s P  |a 0  |w stu2458_0001